| Tag |
First Indicator |
Second Indicator |
Subfields |
| LEADER |
00000cam a2200000 4500 |
| 001 |
in00000022170 |
| 005 |
20151007063905.0 |
| 008 |
770829s1923 nyu 00010 frem |
| 010 |
|
|
|a 23017706
|
| 035 |
|
|
|a (OCoLC)03226613
|
| 035 |
|
|
|9 AAD8518AM
|
| 040 |
|
|
|a DLC
|c NRC
|d NRC
|d TXA
|d UtOrBLW
|
| 049 |
|
|
|a TXAM
|c [41587]
|
| 050 |
0 |
0 |
|a PQ1131
|b .S3
|
| 092 |
|
|
|a 840.8
|b S33e
|
| 100 |
1 |
|
|a Schinz, Albert,
|d 1870-
|
| 245 |
1 |
0 |
|a Eighteenth century French readings /
|c by Albert Schinz.
|
| 264 |
|
1 |
|a New York :
|b H. Holt,
|c [1923]
|
| 264 |
|
4 |
|c [©1923]
|
| 300 |
|
|
|a 633 pages ;
|c 17 cm.
|
| 336 |
|
|
|a text
|b txt
|2 rdacontent
|
| 337 |
|
|
|a unmediated
|b n
|2 rdamedia
|
| 338 |
|
|
|a volume
|b nc
|2 rdacarrier
|
| 999 |
|
|
|a MARS
|
| 999 |
f |
f |
|s 3661522e-fe0e-3a6a-a8e3-b6aed3503df8
|i c0c2d04a-f405-36d1-8ee6-8df2ceb49101
|t 0
|
| 952 |
f |
f |
|p ric
|a Texas A&M University
|b Rellis Campus
|c Joint Library Facility
|d Remote Storage
|t 0
|e PQ1131 .S3
|h Library of Congress classification
|i unmediated -- volume
|m A14801361838
|
| 998 |
f |
f |
|a PQ1131 .S3
|t 0
|l Remote Storage
|